000 00383nam a2200133Ia 4500
008 100328s9999 xx 000 0 und d
082 _b34541
100 _aसाठे माया
245 _aपाटलाचा वाडा
260 _bप्रिया
630 _aपाटलाचा वाडा
730 _aपाटलाचा वाडा
942 _cBOOK
999 _c524675
_d524672